[Event "RUS-ch qual 57th"]
[Site "Tomsk"]
[Date "2004.05.27"]
[Round "5"]
[White "Khairullin, Ildar"]
[Black "Iskusnyh, Sergei"]
[Result "1-0"]
[WhiteElo "2481"]
[BlackElo "2507"]
[Annotator "Roiz,M"]
[PlyCount "86"]
[EventDate "2004.05.23"]
[EventType "swiss"]
[EventRounds "9"]
[EventCountry "RUS"]
[SourceTitle "CBM 102"]
[Source "ChessBase"]
[SourceDate "2004.09.23"]
[SourceVersion "1"]
[SourceVersionDate "2004.09.23"]
[SourceQuality "1"]

1. e4 c5 2. Nf3 Nc6 3. c3 e6 4. Bb5 {An interesting idea of avoiding the
French defence which could arise after 4.d4 d5 5.e5.} Nge7 5. O-O a6 6. Ba4 b5
7. Bc2 Bb7 8. Qe2 {That continuation has gained a great popularity in the last
few years. White frees good square for his rook and intends to seize a space
in centre by advancing his ''d'' pawn.This plan looks a bit slowly,but it's
not easy for black to prevent white from realizing his idea.} ({The practice
shows that other moves are less dangerous:} 8. a4) (8. Re1) (8. d4) 8... Ng6 {
Usually,in this variation,black has a difficulties with development of his
kside knight,so that move looks quite logical. But in my opinion,black should
try to prevent d2-d4,as after that move white's play is very easy.} ({Besides,
there were a several alternatives:} 8... d5 9. e5 d4 (9... Qb6 $5) 10. Be4 Nd5
(10... Ng6 $143 11. cxd4 cxd4 12. d3 Be7 13. Nbd2 (13. a4 O-O 14. Na3 Qb6 15.
Bd2 Rfc8 {1/2-1/2 Zhang Zhong-Wu Wenjin/HeiBei CHN 2001/The Week in Chess 351 
(73)}) 13... Qd7 (13... Qc7 14. Nb3 O-O 15. Bd2 Rfc8 16. Rac1 Qb6 17. h4 $36 {
1-0 Smirin,I-Krasenkow,M/Dos Hermanas ESP 2001/The Week in Chess 337 (72)}) 14.
Nb3 {1-0 Smirin,I-Finegold,B/Philadelphia USA 2001/The Week in Chess 351 (53)}
Rd8 15. Bd2 Nb4 16. Nfxd4 Nc6 17. Nf3 Nb4 18. Bxb7 Qxb7 19. d4 O-O 20. Rfc1 Qd5
21. Nc5 Nc6 22. Be3 $16 {1-0 Smirin,I-Finegold,B/Philadelphia USA 2001/The
Week in Chess 351 (53)}) 11. cxd4 Nxd4 (11... cxd4 12. d3 Be7 13. Nbd2 Nf4 14.
Qd1 Ng6 15. Nb3 Qb6 16. Re1 Rd8 17. h4 h6 18. h5 Nf8 19. Bf4 Nd7 20. Rc1 Ndb8 {
1/2-1/2 Moreno Carnero,J-Magem Badals,J/Cala Galdana 1999/EXT 2000 (33)}) 12.
Nxd4 cxd4 13. a4 $146 ({About} 13. d3 Qc7 $1 {0-1 Schneider,D-Gulko,B/Seattle
2002/CBM 87/ (32) a multitasking move: attacking the 'e5' pawn, defending the
B and taking over the 'c' file.}) 13... b4 14. d3 Qc7 15. f4 $6 {Shirov} (15.
Qh5 $142 g6 (15... Be7 16. Nd2 $1 g6 17. Qh6 Qxe5 18. Nf3 Qd6 19. Re1 $44) 16.
Qg5 Bg7 17. f4 $1 {/\Nd2}) 15... Rc8 16. Nd2 Ne3 17. Rf3 Bxe4 $1 {Abolishing
the strongest White piece and doubling the Pe4 and Pe5.} 18. dxe4 (18. Nxe4 {
Kostakiev,D} Qc2 $17) 18... d3 $1 $17 {0-1 Grischuk,A-Kasparov,G/Moscow 2002/
CBM 90/[Kostakiev,D] (58)}) (8... Qb6 9. Rd1 d5 10. e5 a5 11. d4 cxd4 12. Nxd4
Ba6 13. Nd2 b4 14. Qe3 Nxd4 15. cxd4 Rc8 16. Bb1 Nf5 $11 {1/2-1/2 Batsanin,
D-Smirnov,P/Sochi RUS 2004 (32)}) (8... Rc8 9. a4 (9. Rd1 Qc7 10. d3 Ng6 11.
Be3 Be7 12. Nbd2 O-O 13. Ng5 $6 h6 14. Nh3 d5 15. Nf3 d4 $15 {0-1 Roskar,
R-Sveshnikov,E/Ljubljana 2002/CBM 88 ext (32)}) 9... b4 10. d4 bxc3 11. bxc3
cxd4 12. cxd4 Nb4 13. Bb3 Nec6 14. Na3 Na5 $132 {1-0 Zelcic,R-Nedev,T/
Ljubljana 2002/CBM 88 ext (68)}) (8... c4 9. b3 d5 10. exd5 Nxd5 11. bxc4 Nf4
12. Qe4 Qc7 13. Qe3 bxc4 14. Na3 Nd5 15. Qe2 Na5 16. Ba4+ Bc6 17. Bxc6+ Qxc6
$11 {1/2-1/2 Finkel,A-Nataf,I/Chalkidiki 2002/CBM 92 (35)}) 9. d4 cxd4 10. cxd4
Nh4 {Black decides to swap the knights before white could play g2-g3.} (10...
Be7 11. Nc3 (11. Rd1 O-O 12. Nc3 Rc8 13. d5 Nce5 14. Nxe5 Nxe5 15. Bf4 Ng6 16.
Bg3 Qb6 17. Bb3 e5 18. a4 bxa4 19. Bxa4 Rc7 20. Kh1 Bc5 $132 {1/2-1/2
Neelotpal,D-Miton,K/Goa 2002/CBM 91 ext (35)}) 11... O-O 12. Be3 Na5 13. Rad1
Nc4 14. Bc1 Qc7 15. g3 Rfc8 16. Bd3 Qa5 17. h4 b4 18. Nb1 Qxa2 19. Nbd2 Nxd2
20. Nxd2 $44 {1-0 Deviatkin,A-Reshetnikov,A/Voronezh 2003/CBM 94 ext (49)}) 11.
Nbd2 {That move seems to be the strongest,as white's knight should be on f3 in
order to control an important central squares.} ({The alternative is:} 11. Rd1
$5 {see comments to 1-0 Rublevsky,S-Mikhalevski,V/Moscow 2002/CBM 88/[Finkel,A]
(30) (Finkel,A)}) 11... Be7 $146 {Black completes his development but allows
white to cut his knight from the centre.} ({Black can force white to put his
bishop on b1.However,the practice shows that white's chances are better anyway:
} 11... Rc8 12. Bb1 (12. d5 Ne5 (12... Na5 13. Bd3 Ng6 14. g3 Be7 15. dxe6 dxe6
16. a4 bxa4 17. Bxa6 $16 {Tkachiev,V-Ansell,S/London 1994/EXT 2000}) 13. Nd4 (
13. Bb3 Nexf3+ 14. Nxf3 Nxf3+ 15. Qxf3 Bd6 16. Bf4 Bxf4 17. Qxf4 O-O 18. Rad1 {
[%cal Gd5e6,Yd1d8]} (18. d6 Qb6 {[%cal Gb6d4]} 19. Rad1 Qc5 $11) 18... Qc7 $11
{1-0 Degraeve,J-Nataf,I/Clichy 2001/CBM 85/[Gershon] (45) Black has
successfully solved all his opening problems}) 13... g5 $6 (13... Bd6 14. N2b3
Nc4 {1/2-1/2 Degraeve,J-Bacrot,E/Marsailles FRA 2001/The Week in Chess 355 (14)
}) 14. a4 b4 15. N2b3 g4 16. Rd1 $16 {Tkachiev,V-San Segundo Carrillo,P/
Ponferrada 1997}) 12... Nxf3+ (12... Bd6 13. a4 (13. e5 Bb8 14. Qe4 Nf5 15. Nb3
d6 16. Qg4 Nce7 17. Re1 Qb6 $13 {Totsky,L-Kogan,A/Budapest 1996/CBM 53}) 13...
bxa4 (13... b4 14. Bd3 a5 15. b3 {[%csl Gb5,Gc4][%cal Gc1b2,Gd4d5]}) 14. Rxa4
Nxf3+ 15. Nxf3 Nb4 16. Bd2 a5 {[%cal Gb7a6]} 17. Rd1 O-O 18. Bc3 $14 {1-0
Adams,M-Shirov,A/ Linares 19th 2002 [Oratovsky]}) 13. Nxf3 d5 14. e5 Be7 15. g3
g5 $6 16. Be3 Kd7 17. a4 $16 {1-0 Nedev,T-Milanovic,D/Struga 2002/CBM 89 ext 
(34)}) 12. d5 $1 {Black's knight has no good squares for retreat,so white
attacks it.} Nb4 (12... Nxf3+ 13. Nxf3 Na5 14. b3 $1 O-O (14... exd5 15. exd5
Bxd5 16. Bb2 $16) 15. Bb2 $16) 13. Bb3 {Here the bishop is much more powerful
than on b1. On the other hand,black's Nb4 has no squares at all at this moment.
} Ng6 14. g3 {Preventing the activization of Ng6.} ({Only not} 14. a3 $2 Nf4
15. Qe3 Nbd3 {[%cal Ge7c5]}) 14... exd5 $2 {That natural exchange is probably
a decisive mistake!} ({Wrong was also} 14... Rc8 15. a3 Nc2 16. Rb1 exd5 17.
exd5 O-O 18. Qd3 Qc7 19. Ne4 $16 {[%csl Rc2]}) ({But better was:} 14... a5 $1 {
[%cal Ga5a4,Gb4a6] freeing a spot for retreat.} 15. a3 Na6 {[%cal Ga6c5]} 16.
Nd4 (16. dxe6 fxe6) 16... Nc5 17. Ba2 O-O $14 {and black has a worse but solid
position.}) 15. a3 $1 {White's play is very energetical.Now black has to give
the pawn back.} Nc6 ({Even worse was} 15... dxe4 16. Nxe4 Bxe4 ({after} 16...
Bd5 17. Bxd5 Nxd5 18. Rd1 Nc7 19. Nd6+ Kf8 20. Be3 {i don't see the way to
complete development}) 17. Qxe4 Nc6 18. h4 O-O 19. h5 Nh8 20. Rd1 $36 {with a
decisive attack.}) 16. exd5 $1 {White's pawn on d5 is very unpleasant for
black,as his minor pieces have no space at all.} ({Less convincing was} 16.
Bxd5 O-O 17. Nb3 Re8 18. Rd1 $14 {with only a slight advantage for white.})
16... Na5 17. Ba2 {[%csl Ra5,Rb7][%cal Gb2b4] Winning a pawn,as black has
defence against 2 threats: 18.b4 and 18.d6.} O-O 18. b4 Bf6 19. Rb1 Re8 20. Qd3
Nc4 21. Nxc4 bxc4 22. Bxc4 $18 {Black has no any compensation for a pawn. More
than that,his minor pieces are very passive and Pa6 is an additional weakness.}
d6 {Otherwise white may advance his ''d'' pawn and put a strong pressure on f7.
} 23. Bb2 {Exchanging black's best minor piece and freeing a nice spot d4 for
the knight.} ({Strong enough was also:} 23. Be3 $5 {followed by advancing the
qside pawns.}) 23... Bxb2 24. Rxb2 Qf6 {Black is looking for a tactical
complications,but white is able to avoid any complications.} 25. Rb3 {Ildar
shows a nice technic! Now the Nf3 is under control,so white can play Qd3-d4,
there the queen is very useful.} (25. Rc2 Bc8 26. Qc3 $18) 25... Bc8 26. Qd4
Qf5 {The endgame is completely lost for black. But now white will swap the
rooks!} 27. Re3 {Any exchange decreases black's chances of complications.} Rxe3
(27... Bd7 28. Bd3 Qh5 29. Rfe1 Rxe3 30. Rxe3 $18) 28. Qxe3 Bd7 29. Nd4 {
Finally,white has realized his main idea:his knight will be placed on c6 and
white's majority of qside pawns will decide the game.} Qf6 30. Nc6 Re8 31. Qd4
Qf3 ({Hopeless was also:} 31... Qxd4 32. Nxd4 Re4 33. Rd1 Bg4 (33... Ne5 34.
Be2 $18 (34. Bxa6 $4 Rxd4 35. Rxd4 Nf3+)) 34. f3 Bxf3 35. Rd2 $18 {[%csl Ra6]
[%cal Gc4a6]}) 32. Qd3 Qh5 (32... Qf6 33. Bxa6 $18) 33. Qd1 $1 {Preparing an
exchange of black's second rook!} Qg5 (33... Bg4 34. f3 Bh3 35. Re1 $18) (33...
Qh3 34. Re1 $18) 34. Re1 Ra8 {That is already an agony. Black prefers to keep
the rooks,but now white's rook is much stronger!} 35. Qd3 h6 (35... Nf4 36. Qe3
Nh3+ 37. Kg2 Qf6 38. Bxa6 $18) (35... h5 36. Qe3 Qf6 37. Qd4 Qg5 38. h4 $18)
36. a4 Kh8 37. a5 {White has ideally placed his qside pawns,as black cannot
create any threats.} Kg8 38. Qe3 $1 {White has to push black's queen from g5,
as here it controls an important squares.} Qg4 (38... Qf6 39. Qd4 Qf3 40. Re3
Qh5 41. Be2 Qg5 42. h4 $18) 39. Qd4 {Now all white's pieces are at the best
positions,so the game should be ended very soon.} Qg5 40. h4 $1 Qf5 (40... Qh5
41. Be2 Qf5 42. Bd3) 41. Bd3 Qf3 42. Bxg6 fxg6 43. Re7 Bc8 {[%mdl 32]} (43...
Bc8 44. Qxg7#) 1-0

[Event "GER-ch 74th"]
[Site "Saarbruecken"]
[Date "2002.11.26"]
[Round "5"]
[White "Graf, Alexander"]
[Black "Gisbrecht, Ewgeni"]
[Result "1-0"]
[WhiteElo "2635"]
[BlackElo "2414"]
[Annotator "Roiz,M"]
[PlyCount "33"]
[EventDate "2002.11.22"]
[EventType "swiss"]
[EventRounds "9"]
[EventCountry "GER"]
[SourceTitle "CBM 093"]
[Source "ChessBase"]
[SourceDate "2003.04.01"]
[SourceVersion "1"]
[SourceVersionDate "2003.04.01"]
[SourceQuality "1"]

1. e4 c5 2. Nf3 Nf6 3. Nc3 Nc6 4. Bb5 Nd4 (4... Qc7 {is more popular nowadays.}
) 5. e5 Nxb5 6. Nxb5 Nd5 7. Ng5 {The practice shows that this is hard line for
black.} h6 ({The alternatives are:} 7... e6 $2 8. Ne4 {[%csl Rd6][%cal Gb5d6,
Ge4d6]} f6 9. O-O Be7 10. Nbd6+ Kf8 11. c4 Nf4 12. d4 Ng6 13. exf6 gxf6 14.
Bh6+ Kg8 15. dxc5 $18 {Macieja,B-Tomczak,R/POL-ch 59th Warsaw 2002}) (7... f6
8. Ne4 f5 9. c4 Nc7 10. Nxc5 Nxb5 11. cxb5 Qb6 12. d4 Qxb5 13. Nd3 $1 {[%cal
Ge1g1]} g6 14. O-O Bg7 15. a4 Qc4 16. Be3 $16 {[%cal Ga1c1,Gh2h4,Gh4h5] Hracek,
Z-Nun,J/Komercni Banka op 1999}) (7... Nc7 $2 8. Qh5 $1 g6 9. Qf3 f6 10. exf6
$18) (7... f5 8. O-O a6 9. Nc3 Nxc3 10. bxc3 e6 11. d4 Be7 12. d5 $1 O-O 13.
Qh5 h6 14. Nh3 $16 {1-0 Landa,K-Hanel,R/Velden 1996}) 8. Nxf7 Kxf7 9. Qf3+ Nf6
(9... Ke6 $2 10. c4 Nb6 11. d4 d5 12. dxc5 $18) 10. exf6 exf6 (10... gxf6 11.
Qh5+ Kg8 12. Qxc5 $16 {[%csl Rg8]}) 11. Qd5+ $1 {Just in time! White has to
prevent black from playing d7-d5.} Kg6 12. O-O Qb6 13. Qd3+ Kf7 14. Re1 Qc6 {
Black is trying to finish his development by b7-b6, but he has no time.} 15.
Nc3 $1 (15. c4 $6 b6 16. Nc3 Bb7 17. Nd5 Bd6 {[%cal Gh8e8]}) 15... c4 (15... b6
16. Qc4+ Kg6 17. Nd5 $1 Bb7 18. Nf4+ Kh7 19. Qf7 $1 Bd6 20. Qg6+ Kg8 21. Nh5 {
with full domination.}) 16. Qe4 Bc5 $4 {This move loses immediately.} ({
The only way to fight was} 16... Qxe4 17. Rxe4 b5 (17... d5 $5 18. Nxd5 Bd6 19.
Ne3 $16 (19. Rxc4 $6 Be6 20. Rd4 Rhd8)) 18. Nxb5 d5 19. Re1 $16) 17. Qxc4+ (17.
Qxc4+ Kg6 18. d4 Bb6 19. Qd3+ Kf7 20. d5 {and black cannot finish his
development.}) 1-0

[Event "RUS-ch qual 57th"]
[Site "Tomsk"]
[Date "2004.05.28"]
[Round "6"]
[White "Kornev, Alexei"]
[Black "Khairullin, Ildar"]
[Result "1/2-1/2"]
[WhiteElo "2582"]
[BlackElo "2481"]
[Annotator "Roiz,M"]
[PlyCount "72"]
[EventDate "2004.05.23"]
[EventType "swiss"]
[EventRounds "9"]
[EventCountry "RUS"]
[SourceTitle "CBM 102"]
[Source "ChessBase"]
[SourceDate "2004.09.23"]
[SourceVersion "1"]
[SourceVersionDate "2004.09.23"]
[SourceQuality "1"]

1. e4 c5 2. Nf3 Nc6 3. Bb5 e6 4. O-O Nge7 5. Re1 a6 6. Bxc6 Nxc6 7. d4 cxd4 8.
Nxd4 Qc7 9. Nc3 {In my opinion,that move is the only attempt to reach an
advantage} ({as} 9. Nxc6 Qxc6 {[%cal Gb7b5] doesn't cause black any problems.})
9... Bd6 {That most principal continuation. Black prevents e4-e5 and attacks
white's h2 pawn.} ({There are possible alternatives:} 9... b5 10. Nxc6 dxc6 11.
e5 Bb7 12. Bf4 c5 13. Ne4 Bxe4 14. Rxe4 Be7 15. Qh5 Rd8 16. Rae1 c4 17. Bg5 Rd5
18. Bxe7 Qxe7 19. b3 cxb3 20. cxb3 O-O $11 {1/2-1/2 Zemerov,V-Shulman,Y/Minsk
1993/EXT 97 (36)}) (9... Nxd4 10. Qxd4 f6 (10... Qc5 11. Be3 Qxd4 12. Bxd4 d6
13. Na4 Bd7 14. Nb6 Rd8 15. Nxd7 Rxd7 16. c4 $14 {0-1 Brochet,P-Beikert,G/
France 1999/EXT 2000 (44)}) 11. e5 f5 12. a4 Bc5 13. Qh4 O-O 14. Bd2 d5 15. Be3
Bd7 16. Rad1 Rac8 17. Bxc5 Qxc5 $11 {0-1 Yegiazarian,A-Garcia Martinez,S/Ubeda
1999/CBM 68 ext (40)}) (9... Be7 10. Nxc6 bxc6 11. e5 O-O 12. Bf4 f5 13. exf6
Qxf4 14. fxe7 Re8 15. Ne4 (15. Re4 $5 Qf6 16. Qd6 Qxe7 17. Rd1 $14) 15... d5
16. Nc5 Rxe7 17. Nd3 Qd6 18. Qe2 c5 19. Qe5 Qxe5 20. Rxe5 Rc7 21. Nf4 Rb8 22.
b3 Rb6 23. Rae1 c4 24. Nxe6 {1/2-1/2 Yudasin,L-Lautier,J/Moscow 1994/CBM 45 
(24)}) (9... d6 10. Nxc6 (10. Bg5 Be7 11. Bxe7 Nxe7 12. Qh5 O-O 13. Rad1 b5 14.
a3 Rb8 $11 {1/2-1/2 Shabanov,Y-Bykhovsky,A/Sochi 1990/CBM 21 (55)}) 10... bxc6
11. b3 Be7 $6 (11... e5 $142) 12. Qg4 Bf6 13. e5 $1 Bxe5 14. Rxe5 f5 15. Qxf5
dxe5 16. Qf3 $36 {1-0 Yudasin,L-Odachowski,A/Calgary 1996/EXT 99 (37)}) 10. Nd5
{The most ambitious continuation. White is trying to exploit his development
advantage by enegretical play.} ({The practice shows that other moves are not
dangerous for black:} 10. Nxc6 dxc6 11. f4 e5 (11... Bxf4 $6 12. Bxf4 Qxf4 13.
e5 O-O 14. Qd6 b5 $2 15. Ne4 Bb7 16. Qe7 Rab8 17. Nd6 $16 {1-0 Van den Berg,
A-Tregubov,P/Vlissingen 2002/CBM 89 ext (30)}) 12. f5 b5 13. Be3 Bb7 14. Qf3 f6
15. Red1 O-O-O 16. Qf2 Qe7 17. a4 Bc7 $11 {1/2-1/2 Wirig,A-Sakelsek,T/
Zemplinska Sirava SVK 2004 (38)}) (10. Kh1 Nxd4 11. Qxd4 Be5 12. Qe3 (12. Qd3
O-O 13. Bg5 b5 14. Rad1 b4 15. Ne2 Bb7 16. Be7 Rfc8 17. Bxb4 Qxc2 18. Bc3 Qxd3
19. Rxd3 Bxe4 20. Rxd7 $11 {1/2-1/2 Smirin,I-Eljanov,P/Moscow 2002/CBM 88 (20)}
) 12... O-O 13. f4 Bxc3 14. bxc3 d5 (14... f6 $5 15. Ba3 Rf7 16. e5 (16. Red1
b5 17. Bd6 Qc6 18. a4 bxa4 19. Rd4 Bb7 $15) 16... b5 17. Bd6 Qc6 18. Qg3 Bb7
19. Re3 fxe5 20. Bxe5 d6 21. Bd4 Qc4 $15) 15. exd5 Rd8 16. Ba3 Rxd5 $11 {
1/2-1/2 Papa,S-Raetsky,A/Switzerland 2003/EXT 2004 (28)}) 10... exd5 (10...
Bxh2+ $2 11. Kh1 exd5 12. exd5+ Be5 (12... Ne7 13. Nf5 Bd6 14. Nxe7 Bxe7 15. d6
) 13. Nxc6 $1 dxc6 14. d6 Qa5 15. Bf4 $16 f6 $2 16. Bxe5 fxe5 17. Qh5+ $18) 11.
exd5+ Ne5 12. f4 {It's necessary to win the piece back.} ({Doesn't work is:} 
12. Nf5 $4 O-O 13. Bh6 gxh6 14. Qh5 Ng6 $1 15. Qxh6 Be5 16. d6 Qc5 $19 {
0-1 Timman,J-Lautier,J/Horgen 1995/CBM 50/[Lautier] (22) /\ Bh2!}) 12... O-O
13. fxe5 Bxe5 14. Nf3 {That position is well known in the modern practice.
According to my databse,black has reached an excellent results(he won even
more games than white!).} Bf6 {Black prefers to save his strong dark-squared
bishop even at cost of time. I like his choice,as it gives him more chances of
winning.} ({Black doesn't face serious difficulties also after:} 14... d6 15.
Nxe5 dxe5 16. b3 (16. d6 Qc5+ 17. Be3 Qc6 18. c4 Be6 (18... b6 $1 $10 {Finkel,A
}) 19. c5 f5 20. b4 f4 $132 {0-1 Pasman,M-Gershon,A/Israel 2002/EXT 2003 (33)})
16... b5 (16... Bd7 $5 17. c4 b5 $11) 17. Qd3 Rd8 18. c4 a5 19. Ba3 f6 20. Rac1
$14 {1-0 Willemze,T-Rainfray,A/Dublin 2000/EXT 2001 (71)}) 15. Bg5 {Black's
dark-squared bishop puts a strong pressure on white's qside,so it's clear that
the exchange is favourable for white. That move is connected with a sacrifice
on b2.} ({Unsuccessful is:} 15. d6 $6 Qc6 16. Kh1 (16. Bg5 $2 {Finkel,A} Bxg5
17. Nxg5 Qc5+) (16. Qd3 b5 17. Ng5 Bxg5 18. Bxg5 Bb7 19. Qd2 f6 $15) 16... b5
17. c3 Bb7 $15 {[%cal Gb7g2] 0-1 Lugo,B-Hracek,Z/New York 1998/CBM 64/[Finkel,
A] (33)}) (15. c3 b5 (15... d6 16. Bg5 Bxg5 17. Nxg5 h6 18. Ne4 Bf5 19. Ng3 Bg6
20. Qd4 Rfe8 $11 {0-1 Jenetl,R-Poluljahov,A/Krasnodar 2000/EXT 2001 (35)}) 16.
Bg5 Bxg5 17. Nxg5 h6 18. Nf3 Bb7 19. Qd4 Qd6 20. Rad1 Rfe8 $13 {Kalegin
Evgenij-Sharivazdanov Andrey/Ch Russia /2 final), Kazan (Russia) 1995 (21)})
15... Bxb2 $1 {The most principal and quite the best continuation. White has
to prove that he has a sufficient compensation for a pawn.} (15... Bxg5 16.
Nxg5 d6 $6 (16... h6 $142 17. Ne4 d6 18. Qf3 $1 {[%cal Gf3g3]} f5 19. Qc3 $14)
17. Qd3 g6 18. Qd4 Bf5 19. g4 $16 {Mirumian,V-Bromberger,S/Open, Groningen NED
1997 (33)}) 16. Rb1 Ba3 17. Qd3 $146 {That is an important improvement of
Pasman-Mikhalevski,which however,doesn't promise white any advantage either.} (
17. Rb3 {-see comments to Pasman,M-Mikhalevski,V/ ISR-ch sf Beer Sheva 2002 
[Mikhalevski,V]}) 17... Bc5+ 18. Kh1 f6 $1 {Black avoids penetration of
white's bishop on e7 and takes control on important squares g5 and e5.} (18...
d6 $2 19. Be7 $1 Re8 20. Bxd6 Rxe1+ 21. Rxe1 Bxd6 22. Re8+ Bf8 23. Qa3 $18) (
18... h6 $6 19. Be7 Bxe7 20. Rxe7 Qd6 (20... b5 $2 21. d6 Qc5 22. Ne5 $16) 21.
Rbe1 b5 22. Nh4 Bb7 23. R1e5 $36) 19. Be3 d6 20. Bxc5 Qxc5 21. Re7 $44 {
[%csl Ge7] After the penetration of white's rook the compensation becomes
obvious.} b5 22. Nd2 {It's important to activate the knight before black will
consolidate.} (22. Rbe1 $143 $6 Ra7 $15) 22... Ra7 23. Ne4 Qb6 $8 24. Rxa7 Qxa7
25. Nxd6 Bd7 {Black prefers to avoid an exchange fo his bishop,as it's a good
piece to set up blockade.} ({After} 25... Qc7 26. Nxc8 Rxc8 27. d6 Qxc2 28.
Qd5+ (28. d7 $6 Qc1+ 29. Qd1 Qxd1+ 30. Rxd1 Rd8) 28... Kh8 29. Rd1 {white has
no risk at all due to his strong passed pawn.}) 26. Qe4 $6 {An inaccurate move,
which black could exploit by direct play.} ({It was a right time for rook's
activization:} 26. Re1 Qc7 (26... Qf2 27. Qe4) 27. Nf5 Qf4 28. Nd4 {and white
is not worse.}) 26... Qc7 27. Qe7 Qd8 $6 {There is no reason for a trade of
queens. Now white is out of danger.} ({Correct was:} 27... Qxc2 $142 $1 28. Re1
Qc7 {[%cal Gc7d8]} 29. Nf5 Rf7 {after which white has no sufficient
compensation for a pawn.}) 28. Re1 b4 $1 {Fixing white's pawns on c2 and a2,as
there they are good targets for the Bd7.} 29. h3 (29. Qe3 Qa5 30. Qe7 Qd8 $11)
29... Qxe7 30. Rxe7 Ba4 $11 {Now the position is completely equal,as any side
cannot avoid an exchange of qside pawns.} 31. Nb7 $2 {A very strange decision,
which could cause white serious problems in the endgame.} ({White could
achieve an easy draw after} 31. Re4 Rd8 (31... Rb8 $5) 32. Rxb4 Bxc2 33. Rb6
Kf8 34. Rxa6 Ke7 $11) 31... Rf7 {Forcing white to swap his active rook.} ({
Nothing promised} 31... Rc8 $2 32. d6 Rxc2 33. d7 Bxd7 34. Rxd7 Rxa2 35. Nc5 a5
36. Ne6 {and white has no risk at all.}) 32. Rxf7 Kxf7 33. d6 (33. Nc5 Bb5 34.
d6 Ke8 {-33.d6}) 33... Ke8 (33... Bb5) 34. Nc5 Bxc2 $2 {That leads to a dead
draw.} ({On the other side,black could win a pawn after:} 34... Bb5 $1 35. Kg1
a5 36. Kf2 Bc4 37. Ke3 Bxa2 38. Kd4 h5 $17 {Black's advantage here is obvious,
as he can create a second passed pawn on the kside.}) 35. Nxa6 Kd7 36. Nxb4 Be4
1/2-1/2